000 00983cam a2200241 4500
001 ##L132046
008 051221n2004 000 0 eng u
020 _a0860176282
035 _a(Sirsi) u132046
041 0 _aeng
050 0 4 _a333.9164 $2 18
100 1 _aLeggett, D. J.
245 0 0 _aCoastal and estuarine managed realignment
_bdesign issues
260 _aLondon
_bCIRIA
_c2004
300 _a216p.
_bill
_c30cm
490 0 _aCIRIA
_vC628
520 _aGuide intended to disseminate knowledge on design issues for managed coastal and estuarine realignment projects by giving information on the design and management processes. Shares experience of managed UK realignment projects and draws upon international knowledge.
690 _aPROPERTY-RURAL AND NATURAL ASSETS-RURAL AND NATURAL ASSET MANAGEMENT-COASTAL MANAGEMENT
700 1 _aCooper, N.
700 1 _aHarvey, R.
710 2 _aConstruction Industry Research and Information Association
_94810
942 _n0
999 _c104989
_d104989